Записки библиофила. [Т. 1], вып. 3 (Запись № 12769402)

Подробности
000 -МАРКЕР
контрольное поле 01971nam2a2200241 4500
001 - ИДЕНТИФИКАТОР ЗАПИСИ
контрольное поле RU\NLR\BIBL_A\022108386
005 - ИДЕНТИФИКАТОР ВЕРСИИ
контрольное поле 20250625123347.0
035 ## - ДРУГИЕ СИСТЕМНЫЕ НОМЕРА
Идентификатор записи (NLR Aleph) 022108386
100 ## - ДАННЫЕ ОБЩЕЙ ОБРАБОТКИ
Данные общей обработки 20080404d1912 |||y0rusy50 ca
101 0# - ЯЗЫК РЕСУРСА
Язык текста, звукозаписи и т.д. русский
102 ## - СТРАНА ПУБЛИКАЦИИ ИЛИ ПРОИЗВОДСТВА
Страна публикации Российская Федерация
105 ## - ПОЛЕ КОДИРОВАННЫХ ДАННЫХ: ТЕКСТОВЫЕ МАТЕРИАЛЫ, МОНОГРАФИЧЕСКИЕ
Кодированные данные о монографическом текстовом документе ah z 000zy
200 0# - ЗАГЛАВИЕ И СВЕДЕНИЯ ОБ ОТВЕТСТВЕННОСТИ
Основное заглавие [Т. 1], вып. 3
210 ## - ПУБЛИКАЦИЯ, РАСПРОСТРАНЕНИЕ И ДР.
Дата издания, распространения и т.д. 1912
Место издания, распространения и т.д. Б. м.
215 ## - ФИЗИЧЕСКАЯ ХАРАКТЕРИСТИКА
Специфическое обозначение материала и объем [2], 22, [4] с., [19] л. ил., факс.
Другие сведения о физической характеристике ил.
327 1# - ПРИМЕЧАНИЯ О СОДЕРЖАНИИ
Текст примечания Содерж.: Мелкие рукописи: Послание к Хвостову; Мысль умного дворянина; Челобитная соловецких старцев, поданная царю Алексею Михайловичу в граде Москве, 7175 г.; Альбом рисунков из жизни русского раскола и старообрядчества (начало); Материалы для истории русского раскола и старообрядчества: Переписка старца Никодима, настоятеля и строителя Святоуспенского монастыря конца XVIII века (начало)
461 #0 - УРОВЕНЬ НАБОРА
Встроенное поле 001v19\rc\1918091
-- 2001#$aЗаписки библиофила$eхудожественно-библиографический сборник$f[соч.] Александра Евгеньевича Бурцева$v[Т. 1], вып. 3
-- 700#1$aБурцев$bА. Е.$f1863-1938$gАлександр Евгеньевич$3RU\NLR\AUTH\7767099
Системный номер (АБИС) связанной записи 6429895
Автор Бурцев, А. Е. (1863-1938)
Место публикации С.-Петербург
Дата публикации 1912
Первые сведения об ответственности [соч.] Александра Евгеньевича Бурцева
Имя издателя, распространителя и т.д. Типография А. К. Вейерман
Сведения, относящиеся к заглавию художественно-библиографический сборник
Заглавие Записки библиофила
Номер тома [Т. 1], вып. 3
852 ## - МЕСТОНАХОЖДЕНИЕ И ШИФР ХРАНЕНИЯ
Идентификатор организации NLR
Шифр хранения (Call Number) 37.8.3.5(1-3)
942 ## - ДОПОЛНИТЕЛЬНЫЕ ЭЛЕМЕНТЫ ЗАПИСИ (АБИС)
Тип экземпляра АБИС Книга
980 ## - КОЛЛЕКЦИЯ
Название коллекции Национальная библиография
Экземпляры
Тип экземпляра Дата поступления Библиотека постоянного хранения Библиотека текущего хранения Место хранения Шифр хранения Штрих-код Статус экземпляра
Книга 23.01.2024 РНБ (Садовая) РНБ (Садовая) Русский книжный фонд -Главное здание, Ленинский читальный зал 37.8.3.5(1-3) 22108386-10